| 000 | 00532cam a2200169 4500500 | ||
|---|---|---|---|
| 005 | 20260329011842.0 | ||
| 041 | _afre | ||
| 042 | _adc | ||
| 100 | 1 | 0 |
_aBarlag, Lydia _eauthor |
| 700 | 1 | 0 |
_aBoriceanu, Oana _eauthor |
| 700 | 1 | 0 |
_aBourgeois, Didier _eauthor |
| 245 | 0 | 0 | _aQuelques réflexions cliniques sur la Fibromyalgie |
| 260 | _c2006. | ||
| 500 | _a6 | ||
| 786 | 0 | _nPsy Cause | 46 | 4 | 2006-01-03 | p. 12-15 | 1245-2394 | |
| 856 | 4 | 1 | _uhttps://shs.cairn.info/revue-psy-cause-2006-4-page-12?lang=fr&redirect-ssocas=7080 |
| 999 |
_c1865585 _d1865585 |
||